| 000 | 00594nam a2200193 a 4500 | ||
|---|---|---|---|
| 005 | 20210219155500.0 | ||
| 008 | 060807s1985 mx r 000 0 spa d | ||
| 020 | _a9684830327 | ||
| 035 | _aUPN01000146074 | ||
| 049 | _aCG | ||
| 050 | 4 |
_aF1233 J8 _bJ8.3b |
|
| 100 | 1 |
_aJuárez, Benito, _d1806-1872 |
|
| 245 | 1 | 0 |
_aFlor y látigo : _bideario político / _cBenito Juaárez ; recopilación realizada por Andrés Henestrosa. |
| 260 |
_aMéxico : _bPRI, _c1985. |
||
| 300 | _a63 p. | ||
| 600 | 1 | 4 |
_aJUAREZ, BENITO, _d1806-1872 |
| 700 | 1 |
_aHenestrosa, Andrés, _d1906-2008 _ecomp. |
|
| 905 | _aLibro | ||
| 999 |
_c118220 _d118220 |
||